| 000 | 00541nam a22001937a 4500 | ||
|---|---|---|---|
| 005 | 20220602103307.0 | ||
| 008 | 220520b ||||| |||| 00| 0 eng d | ||
| 040 | _cAL | ||
| 041 | _aEnglish | ||
| 082 |
_223 _a954.035 _bMAST |
||
| 100 |
_aK G Mashruwala _940034 |
||
| 245 | _aTowards Sarvodaya Order | ||
| 260 |
_aAhmedabad _bNavajivan Publishing House _c1971 |
||
| 300 |
_axii,150 p. _bPB _c21x13.5 cm. |
||
| 650 |
_aMahatma Gandhi _938218 |
||
| 650 |
_aSarvodaya Economy _940033 |
||
| 700 |
_aMASHRUWALA (K G) _938219 |
||
| 942 |
_2ddc _cGF |
||
| 999 |
_c223033 _d223033 |
||